[Event "Tata Steel-A 80th"]
[Site "Wijk aan Zee"]
[Date "2018.01.24"]
[Round "10"]
[White "Hou, Yifan"]
[Black "Adhiban, Baskaran"]
[Result "1/2-1/2"]
[WhiteElo "2680"]
[BlackElo "2655"]
[Annotator "Fernandez,D"]
[PlyCount "204"]
[EventDate "2018.01.13"]
[EventType "tourn"]
[EventRounds "13"]
[EventCountry "NED"]
[EventCategory "20"]
[SourceTitle "CBM 183"]
[Source "ChessBase"]
[SourceDate "2018.03.14"]
[SourceVersion "1"]
[SourceVersionDate "2018.03.14"]
[SourceQuality "1"]
[TimeControl "40/6000+30:20/3000+30:900+30"]

1. d4 {[%emt 0:00:00]} Nf6 {[%emt 0:01:37]} 2. Nf3 {[%emt 0:00:00]} d6 {
[%emt 0:00:48]} 3. g3 {[%emt 0:00:01]} g6 {[%emt 0:00:28]} 4. Bg2 {[%emt 0:00:
06]} Bg7 {[%emt 0:00:04]} 5. O-O {[%emt 0:00:06]} O-O {[%emt 0:00:03]} 6. Re1 {
[%emt 0:00:12] White opts to play that rare creature, the Fianchetto KID
without c4. There can be nothing really wrong with it but the game now
resembles something more like a Philidor with a slightly strange fianchetto
for White.} Nbd7 {[%emt 0:01:17]} 7. e4 {[%emt 0:00:11]} e5 {[%emt 0:00:24]} 8.
Nc3 {[%emt 0:00:06]} c6 {[%emt 0:02:39]} 9. a4 {[%emt 0:00:19]} Re8 {[%emt 0:
01:27]} (9... a5 10. h3 Re8 11. Be3 exd4 12. Bxd4 Rb8 13. Re2 Qc7 14. Qe1 Ne5
15. Nd2 $11 {Lobron,E-Gelfand,B Biel 1993}) 10. h3 {[%emt 0:02:54]} Qc7 {
[%emt 0:00:54]} 11. Be3 {[%emt 0:05:35]} b6 {[%emt 0:00:08]} 12. Qd2 {[%emt 0:
00:05]} Bb7 {[%emt 0:00:33]} 13. Rad1 {[%emt 0:02:31]} Rad8 $11 {[%emt 0:00:22]
So, both sides have completed development and it is up to White what she wants
to do about ...d5, which may be coming soon. It is perhaps not so strange that
the play vaguely resembles some of the Breyer sidelines examined yesterday in
the notes to Anand-Carlsen.} 14. Bg5 {[%emt 0:04:06]} (14. Bh6 a6 15. Bxg7 Kxg7
{is no panacea for White, who must still worry about slow play: ...h6, ...b5, .
..Qb6, maybe eventually ...c5.}) 14... a6 {[%emt 0:09:50]} 15. h4 {[%emt 0:13:
22]} b5 {[%emt 0:03:00]} 16. axb5 {[%emt 0:06:42]} axb5 {[%emt 0:00:12]} 17. b3
{[%emt 0:01:17]} (17. h5 $5 {initiates some bizarre complications. For
instance:} exd4 18. Nxd4 b4 19. Na2 Ne5 $13) 17... Qb8 {[%emt 0:21:17]} 18.
dxe5 {[%emt 0:15:41]} (18. h5 {is again worth at least calculating, though
Black has a bail-out option in ...h6 intending ...Nxh5.}) 18... dxe5 {[%emt 0:
03:14]} 19. Bh3 {[%emt 0:08:55]} Nf8 {[%emt 0:14:24]} 20. Qe3 {[%emt 0:02:58]}
Rxd1 {[%emt 0:03:25]} 21. Rxd1 {[%emt 0:00:13]} Bc8 {[%emt 0:01:18]} 22. Bxc8 {
[%emt 0:08:30]} Rxc8 {[%emt 0:01:14] This is now a fully believable Breyer Ruy
Lopez, except the pawn at c2, which should be on c4.} 23. Bxf6 {[%emt 0:06:12]}
Bxf6 {[%emt 0:00:02]} 24. Na2 {[%emt 0:00:06]} Ne6 {[%emt 0:19:21]} 25. Nb4 {
[%emt 0:00:40] As a firm believer in the knight, it was interesting to watch
this game and see how convincing or otherwise the 'bad' dark-square bishop was
against it. ('bad' is in quotes because I do know a thing or two about the
KID!)} Be7 {[%emt 0:02:09]} 26. Nd3 {[%emt 0:11:43]} f6 {[%emt 0:00:04]} 27. h5
{[%emt 0:00:06]} g5 $6 {[%emt 0:00:02]} (27... Kf7 $11 {was maybe better, not
making too many pawn weaknesses.}) 28. b4 {[%emt 0:03:11]} Rd8 {[%emt 0:04:40]}
(28... Rc7 29. Ndxe5 $13 {is messy, but could have been Black's best.}) 29. Ra1
{[%emt 0:05:10]} Rd7 {[%emt 0:01:52]} 30. Nh2 {[%emt 0:02:03]} Nd4 {[%emt 0:01:
06]} 31. Ra2 {[%emt 0:04:49]} (31. Qd2 $5 {tries to arrange a queen lift to a2.
} Ra7 {causes a cascade of tactical issues, beginning} 32. Rxa7 Qxa7 33. c3 $14
) 31... Ra7 {[%emt 0:03:56]} 32. Rb2 {[%emt 0:01:30]} Ra3 {[%emt 0:04:36]} 33.
Qd2 {[%emt 0:01:40]} Qa8 {[%emt 0:08:26]} (33... c5 $132 {is a better 'human'
move, trying to get the queen to c6.} 34. Nxc5 Qe8 {and White is having to
defend on a number of fronts.}) 34. c3 {[%emt 0:02:04]} Ne6 $2 {[%emt 0:00:01]}
35. Ne1 $6 {[%emt 0:02:47]} (35. Nxe5 fxe5 36. Qd7 Kf7 37. Ng4 $16 {is winning
after some convoluted tactical lines!}) (35. Ng4 $14 {is safe and 'normal'.})
35... Ra1 {[%emt 0:00:33]} 36. Kf1 $2 {[%emt 0:00:46]} (36. Kg2 {is still good
for the knights. For instance:} c5 37. Nc2 $1 (37. Qd5 $6 Qxd5 38. exd5 Nc7 $15
) 37... Ra6 38. Qe2 $14) 36... c5 {[%emt 0:00:32]} 37. f3 {[%emt 0:01:18]} cxb4
{[%emt 0:00:29]} 38. cxb4 {[%emt 0:00:22]} Nd4 {[%emt 0:00:26]} (38... Qa3 {
is almost winning, e.g.} 39. Kf2 Bd8 $17 (39... Rd1 $5)) 39. Kg2 {[%emt 0:00:
14]} Qa3 {[%emt 0:02:04] By contrast with the last note, now Black lacks the
tempo to play ...Rxe1 against Kg2.} 40. Nd3 {[%emt 0:00:00]} Qa4 {[%emt 0:00:
11]} 41. Nc1 {[%emt 0:06:57]} Qa3 {[%emt 0:10:04]} 42. Ne2 {[%emt 0:09:32]}
Bxb4 {[%emt 0:21:22] There is nothing better than cashing in. In what follows,
I have made brief notes rather than giving variations, knowing that better
analysts than myself will pick apart the endgame.} 43. Qxb4 {[%emt 0:02:36]}
Qxb4 {[%emt 0:00:25]} 44. Rxb4 {[%emt 0:00:05]} Ra2 {[%emt 0:01:09]} 45. Ng4 {
[%emt 0:02:14]} Kg7 {[%emt 0:02:52]} 46. Kf1 {[%emt 0:00:56]} Nxe2 {[%emt 0:00:
46]} 47. Rxb5 {[%emt 0:05:31]} Nxg3+ {[%emt 0:00:32]} 48. Kg1 {[%emt 0:00:04]
And so we reach an unpleasant endgame for White, but still one that is
probably technically drawn.} Ne2+ {[%emt 0:00:53]} 49. Kf1 {[%emt 0:00:06]}
Ng3+ {[%emt 0:00:03]} 50. Kg1 {[%emt 0:00:04]} Nxh5 {[%emt 0:00:32]} 51. Rb7+ {
[%emt 0:00:03]} Kg6 {[%emt 0:00:14]} 52. Rb6 {[%emt 0:00:05]} Kg7 {[%emt 0:01:
29]} 53. Rb7+ {[%emt 0:00:04]} Kg6 {[%emt 0:00:08]} 54. Rb6 {[%emt 0:00:04]}
Ra5 {[%emt 0:02:17]} 55. Kf2 {[%emt 0:00:07] Black lacks moves here- all his
pieces are tied down to their present positions. A pawn sacrifice will become
necessary.} Kg7 {[%emt 0:00:11]} 56. Rb7+ {[%emt 0:00:05]} Kg6 {[%emt 0:00:06]}
57. Rb6 {[%emt 0:00:03]} Rc5 {[%emt 0:01:16]} 58. Ra6 {[%emt 0:00:05]} Kg7 {
[%emt 0:00:08]} 59. Ra7+ {[%emt 0:00:05]} Kg6 {[%emt 0:00:03]} 60. Ra6 {
[%emt 0:00:00]} Rc2+ {[%emt 0:05:56]} 61. Kg1 {[%emt 0:00:26]} Kg7 {[%emt 0:04:
49]} 62. Ra7+ {[%emt 0:00:04]} Kg6 {[%emt 0:00:04]} 63. Ra6 {[%emt 0:00:04]}
Rc7 {[%emt 0:02:27] Ultimately this had to be done, but the pressure on f6 is
not relieved.} 64. Nxe5+ {[%emt 0:00:05]} Kg7 {[%emt 0:00:03]} 65. Ng4 {
[%emt 0:00:06]} Rf7 {[%emt 0:00:03]} 66. Ne3 {[%emt 0:01:34]} Nf4 {[%emt 0:00:
19]} 67. Nf5+ {[%emt 0:00:06]} Kg6 {[%emt 0:00:03]} 68. Ra8 {[%emt 0:06:18]} h5
{[%emt 0:03:59]} 69. Rg8+ {[%emt 0:03:16]} Kh7 {[%emt 0:00:05]} 70. Rd8 {
[%emt 0:00:03]} h4 {[%emt 0:03:46]} 71. Rd6 {[%emt 0:02:59]} Kg6 {[%emt 0:00:
18]} 72. Ne3 {[%emt 0:04:19]} Re7 {[%emt 0:03:36]} 73. Kf2 {[%emt 0:04:50]}
Nh3+ {[%emt 0:00:20]} (73... Rb7 $5 74. Ng4 Rb2+ 75. Kf1 Nh5 $15 {was another
try, but probably not one that deserves to succeed.}) 74. Kf1 {[%emt 0:00:11]}
Nf4 {[%emt 0:00:07]} 75. Kf2 {[%emt 0:00:06]} Re6 {[%emt 0:00:35]} 76. Rd7 {
[%emt 0:00:02]} Ra6 {[%emt 0:01:08]} 77. Nf5 {[%emt 0:00:06]} Ra2+ {[%emt 0:00:
38]} 78. Kg1 {[%emt 0:13:50]} Ne2+ {[%emt 0:03:09]} (78... Nh3+ 79. Kh1 Nf2+
80. Kg1 g4 $15 {kept the game a bit more lively, but is unlikely to ultimately
lead to more than rook and knight vs rook.}) 79. Kh1 {[%emt 0:00:05]} Ng3+ {
[%emt 0:00:03]} 80. Nxg3 {[%emt 0:00:04]} hxg3 {[%emt 0:00:03]} 81. Rd6 $1 {
[%emt 0:00:24]} Kf7 {[%emt 0:01:44]} (81... g4 82. e5 $1 $11) 82. Rd5 {[%emt 0:
02:05]} Re2 {[%emt 0:03:32]} 83. Kg1 {[%emt 0:01:25]} Kg7 {[%emt 0:02:03]} 84.
Rf5 $1 {[%emt 0:00:19] Against this construction there is not a lot that can
be done.} Kg6 {[%emt 0:00:07]} 85. Kf1 {[%emt 0:00:16]} Ra2 {[%emt 0:01:29]}
86. Kg1 {[%emt 0:00:47]} Rf2 {[%emt 0:01:26]} 87. Kh1 {[%emt 0:00:04]} Re2 {
[%emt 0:01:49]} (87... g4 88. fxg4 $11) 88. Kg1 {[%emt 0:00:01]} Kf7 {[%emt 0:
00:43]} (88... g4 89. Rf4 $1 $11) 89. f4 {[%emt 0:05:20]} gxf4 {[%emt 0:01:01]}
90. Rxf4 {[%emt 0:00:04]} Ke6 {[%emt 0:00:10]} 91. Rg4 {[%emt 0:00:48]} Re3 {
[%emt 0:00:20]} 92. Rf4 {[%emt 0:00:05]} Ke5 {[%emt 0:00:53]} 93. Rf5+ {
[%emt 0:00:04]} Ke6 {[%emt 0:00:03]} 94. Rf4 {[%emt 0:00:05]} Re2 {[%emt 0:00:
47]} 95. Rg4 {[%emt 0:00:08]} Ke5 {[%emt 0:00:02]} 96. Rxg3 {[%emt 0:00:06]}
Kxe4 {[%emt 0:00:04]} 97. Ra3 {[%emt 0:00:47]} f5 {[%emt 0:00:07]} 98. Kf1 {
[%emt 0:00:05]} Re3 {[%emt 0:00:03]} 99. Ra5 {[%emt 0:00:22]} Rb3 {[%emt 0:00:
25]} 100. Kf2 {[%emt 0:00:06]} Rb2+ {[%emt 0:00:02]} 101. Kf1 {[%emt 0:00:05]}
f4 {[%emt 0:00:04]} 102. Ra3 {[%emt 0:00:10]} Rc2 {Black didn't bother
disrespecting his opponent by forcing her to demonstrate the need to play Ra8
only after ...f3.} 1/2-1/2

[Event "Cutro 07th"]
[Site "Cutro"]
[Date "2001.04.29"]
[Round "8"]
[White "Ristic, Nenad"]
[Black "Georgiev, Vladimir"]
[Result "0-1"]
[WhiteElo "2425"]
[BlackElo "2592"]
[Annotator "Finkel,A"]
[PlyCount "64"]
[EventDate "2001.04.22"]
[EventType "tourn"]
[EventRounds "10"]
[EventCountry "ITA"]
[EventCategory "9"]
[SourceTitle "CBM 083"]
[Source "ChessBase"]
[SourceDate "2001.07.05"]
[SourceVersion "1"]
[SourceVersionDate "2001.07.05"]
[SourceQuality "1"]

1. e4 d6 2. d4 Nf6 3. Nc3 e5 4. dxe5 dxe5 5. Qxd8+ Kxd8 6. Bc4 Be6 7. Bxe6 fxe6
8. Be3 Bb4 (8... Nbd7 9. f3 Bb4 10. Nge2 Ke7 11. Bd2 a6 12. Nc1 Bd6 13. Nd1 Nb8
14. Nd3 Nc6 15. c4 $14 {Hodgson,J-Wyss,T/Bern op 1994}) 9. O-O-O+ Nbd7 10. Nge2
Ke7 11. f3 a6 (11... g6 12. g3 Bc5 13. Bxc5+ Nxc5 {1/2-1/2 Barlov,D-Aleksic,N/
Open 1998}) 12. a3 $6 {Bishop has nothing to do on b4, so was no reason to
lose time and to weaken position of the king to make it come to better place.}
(12. Rd2 b5 13. Rhd1 Bd6 14. Kb1 Rhb8 15. Nc1 Nb6 16. Bxb6 Rxb6 $11 {Rajlich,
V-Rat,D/FSIMB March 2000}) 12... Bd6 (12... Bc5 13. Bxc5+ Nxc5 14. Ng3 Rad8 15.
Nf1 Rxd1+ 16. Nxd1 g5 17. h3 h5 18. Nfe3 Ncd7 19. Nf2 Nf8 20. b4 Ng6 21. Nd3
Nd7 22. Nc4 {1/2-1/2 Sergejev,R-Neff,S/EST-chT 1996}) 13. g3 $6 {White doesn't
find a plan an very soon finds himself under the pressure.It's very hard to
believe that white may lose this position in less than 20 moves without
blundering, but that's exactly what is happening!} b5 14. Rhf1 Rhb8 $5 {
Preparing Nb6.} 15. Nb1 $6 {Too passive: white decides that he has to defend,
although black isn't threatening.} (15. f4 b4 16. axb4 Rxb4 17. fxe5 Nxe5 18.
Nd4 Kf7 (18... Rxb2 $2 19. Kxb2 Nc4+ 20. Ka1 Nxe3 21. e5 $1 $16 {[%cal Gd4c6]})
19. b3 $13) 15... c5 16. Nd2 c4 17. g4 Rc8 18. h3 a5 $36 {Now we can see the
drawbacks of 12.a3} 19. f4 (19. Kb1 $5 b4 20. a4 c3 21. Nb3 cxb2 22. Kxb2 Nc5
23. Nxc5 Bxc5 24. Bxc5+ Rxc5 25. Rd3 Nd7 $15) 19... b4 20. g5 Nh5 21. axb4 (21.
a4 c3 22. bxc3 bxc3 23. Nb3 Rc4 $15 {[%csl Ra4,Re4]}) 21... axb4 22. f5 Ra1+
23. Nb1 Bc5 24. Rf3 (24. Kd2 Ra2 $1 25. Bxc5+ Nxc5 26. Ke3 Rxb2 $17) 24...
Bxe3+ 25. Rxe3 Nc5 $17 {White is completly tied up and the material losses is
just a matter of time.} 26. Rf1 (26. h4 Nd3+ 27. cxd3 cxd3+ 28. Nec3 bxc3 29.
bxc3 Rb8 $19) 26... Nd3+ $1 27. cxd3 cxd3+ 28. Nec3 (28. Kd2 dxe2 29. Rxe2 Ng3
$19) 28... bxc3 29. bxc3 Rb8 $1 $19 {[%cal Ga1f1]} 30. Kd2 Nf4 31. Ree1 Rb2+
32. Ke3 Ng2+ 0-1

[Event "Dos Hermanas-A"]
[Site "Dos Hermanas"]
[Date "2001.04.26"]
[Round "8"]
[White "Azmaiparashvili, Zurab"]
[Black "Radjabov, Teimour"]
[Result "1/2-1/2"]
[WhiteElo "2670"]
[BlackElo "2533"]
[Annotator "Finkel,A"]
[PlyCount "102"]
[EventDate "2001.04.19"]
[EventType "tourn"]
[EventRounds "9"]
[EventCountry "ESP"]
[EventCategory "16"]
[SourceTitle "CBM 083"]
[Source "ChessBase"]
[SourceDate "2001.07.05"]
[SourceVersion "1"]
[SourceVersionDate "2001.07.05"]
[SourceQuality "1"]

1. g3 g6 2. d4 Bg7 3. Bg2 d6 4. Nc3 Nf6 5. e4 O-O 6. Nge2 e5 (6... Nbd7) 7. h3
exd4 8. Nxd4 Nc6 9. Be3 Re8 10. O-O Bd7 11. Re1 Nxd4 12. Bxd4 Bc6 13. Qd2 (13.
b4 Nh5 (13... Qd7 14. a4 a6 15. Qd3 b6 16. Rad1 Bb7 17. a5 b5 18. g4 Rad8 $132
{Moskalenko,V-Margolin,B/Moscow4 1995}) (13... a6 14. a4 Qc8 15. g4 b6 16. e5
Bxg2 17. exf6 Rxe1+ 18. Qxe1 Bxh3 19. f3 Bxg4 20. fxg7 Bxf3 21. Qg3 $16 {
Khenkin,I-Zilberman,Y/Tel Aviv 1992}) 14. a4 b6 15. a5 Rb8 16. Qd3 Bxd4 17.
Qxd4 Re5 18. Qc4 Bd7 19. axb6 axb6 20. Ra7 $14 {Shaw,J-Hoi,C/Copenhagen op2
1995}) 13... Nd7 (13... Qd7 14. Rad1 Re7 15. Re2 Rae8 16. Rde1 a6 17. f3 Nh5
18. Bf2 h6 19. f4 Kh7 20. g4 Nf6 21. Bh4 $14 {Al Modiahki,M-Al Ghasra,A/
Arab-ch8 Doha 1993}) 14. Rad1 (14. Bxg7 Kxg7 15. Nd5 Bxd5 16. exd5 Qf6 17. c3
a5 18. Re3 Rxe3 19. Qxe3 Qe5 $11 {Danek,L-Kountz,J/Brno-A 1995}) 14... Bxd4 15.
Qxd4 Qf6 16. Qxf6 Nxf6 17. f4 Re7 18. Re2 Rae8 19. Rde1 Kf8 {Only this move is
the new one. In the arising endgame white's chanses are slightly better due to
the significient advantage in space, but young grandmaster holds this position
with greate deal of confindence.} (19... a5 $5 20. Kf2 Kf8 21. Bf3 Nd7 22. a3
b6 23. b4 axb4 24. axb4 Ra8 25. Re3 Ra3 26. R1e2 Re8 27. h4 h6 28. Re1 $11 {
1/2-1/2 Eriksson,M-Jonsson,H/SVE-ch 1993}) 20. Kf2 Re6 21. Bf3 Nd7 22. b4 (22.
Bg4 R6e7 23. Bxd7 Rxd7 24. g4 f6 25. h4 h6 $11) 22... b6 23. Re3 Kg7 24. Nd5 $6
(24. h4 $5 {[%cal Gg3g5]} h5 (24... h6 $6 25. h5 (25. g4 f6 26. Nd5 Bxd5 27.
exd5 Rxe3 28. Rxe3 Rxe3 29. Kxe3 g5 30. h5 gxf4+ 31. Kxf4 Ne5 $11) 25... g5 26.
Ne2 $1 $14 {[%cal Ge2d4,Gd4f5]}) 25. Nd5 (25. g4 hxg4 26. Bxg4 R6e7 27. Bxd7
Rxd7 $11) 25... Bxd5 26. exd5 Rxe3 27. Rxe3 Rxe3 28. Kxe3 f5 $11) 24... Bxd5
25. exd5 Rxe3 26. Rxe3 Rxe3 27. Kxe3 Kf6 28. h4 Ke7 29. Kd4 (29. g4 h6 30. g5
hxg5 31. hxg5 f5 $11) 29... h5 30. Kc4 f5 $1 31. Kb5 Nb8 32. c3 Kd7 33. Bd1 Kc8
34. c4 a6+ $1 {The only move that deprives white any chanse to win the game.} (
34... Nd7 $2 35. Ka6 Nf6 (35... Kb8 36. Ba4 Nf6 37. Bc6 Ne4 38. Be8 Nxg3 39.
Bxg6 $16) 36. Kxa7 Ne4 37. a4 Nxg3 38. a5 bxa5 39. bxa5 Ne4 40. Ba4 $16) (34...
Kd7 35. c5 dxc5 (35... Kc8 36. c6 {[%csl Rb8]} Kd8 37. a4 Ke7 38. Kc4 a6 39. b5
axb5+ 40. axb5 Kf6 {[%cal Gd1c2,Gc4f2,Gg3g4]} 41. Kd4 Kf7 42. Ke3 Kf6 43. Bc2
Kf7 44. Kf2 Kf6 45. g4 hxg4 46. Kg3 Kf7 47. h5 Kg7 48. hxg6 Kxg6 49. Kh4 Kf6
50. Bb1 Kg6 51. Bd3 Kf6 52. Kh5 g3 53. Bf1 $18) 36. bxc5 bxc5 37. Kxc5 $14) 35.
Ka4 Nd7 36. Kb3 Kb7 37. Be2 Nf6 38. Bf3 Ka7 39. Kc3 Kb7 40. Kd4 Ka7 41. Be2 Kb7
42. Bd3 Ka7 43. Bc2 Kb7 44. a4 Ka7 45. a5 bxa5 46. bxa5 Kb7 47. c5 Ka7 48. Bd3
Kb7 49. c6+ Ka7 50. Be2 Ng4 51. Bxg4 hxg4 1/2-1/2

[Event "Dubai op"]
[Site "Dubai"]
[Date "2001.04.15"]
[Round "1"]
[White "Motylev, Alexander"]
[Black "Hamed, Ahmed"]
[Result "1-0"]
[WhiteElo "2601"]
[BlackElo "2331"]
[Annotator "Finkel,A"]
[PlyCount "89"]
[EventDate "2001.04.15"]
[EventType "swiss"]
[EventRounds "9"]
[EventCountry "UAE"]
[SourceTitle "CBM 083"]
[Source "ChessBase"]
[SourceDate "2001.07.05"]
[SourceVersion "1"]
[SourceVersionDate "2001.07.05"]
[SourceQuality "1"]

1. e4 d6 2. d4 Nf6 3. Nc3 g6 4. Bg5 c6 5. Qd2 b5 6. Bd3 h6 7. Bh4 g5 (7... Qb6
8. e5 dxe5 9. dxe5 Ng4 10. Nf3 Bg7 11. O-O-O Be6 12. Rhe1 Nd7 13. Bg3 h5 $132 {
Hracek,Z-Ftacnik,L/Kettler Cup 1996}) 8. Bg3 Nh5 9. e5 (9. a4 b4 10. Nce2 a5
11. f4 Nxg3 12. Nxg3 gxf4 13. Qxf4 h5 14. Be2 Bg4 15. Bxg4 Bh6 16. Qf3 $16 {
Gofshtein,L-Saucey,M/Masters 1998}) (9. Nge2 Bg7 10. a4 b4 11. Nd1 Nxg3 12.
hxg3 a5 13. c3 bxc3 14. bxc3 Nd7 15. g4 $14 {El Taher,F-Valdes Romeo,L/Moscow
olm 1994}) 9... Bg7 10. Qe2 Nxg3 11. hxg3 dxe5 12. dxe5 Qa5 $5 (12... b4 13.
Nd1 Qd4 14. f4 g4 15. Qe3 Qb6 16. Ne2 Na6 17. Nd4 Nc5 18. Bf5 $14 {Santo Roman,
M-Chabanon,J/FRA-ch 1991}) 13. f4 $8 {Black was threatening to play b4 winning
the pawn on e5.} gxf4 14. gxf4 Qb4 {The idea behind 12th move of black- black
seems to be winning a pawn,but everything is not that simple and ut's very
difficult to eliminate the consequances of forthcoming complications.} 15. Qd2
Qxb2 16. Rb1 Qa3 17. Rb3 Qa5 (17... Qc5 $5 18. Nxb5 Bxe5 $5 (18... Na6) (18...
cxb5 $2 19. Rc3 $18 {[%cal Gc3c8]}) 19. Nf3 $1 (19. fxe5 Qxe5+ 20. Ne2 cxb5 21.
Bxb5+ Bd7 22. Bxd7+ Nxd7 $13) 19... Bd6 (19... cxb5 $2 20. Nxe5 $16 {[%cal
Gb3c3,Gd3b5]}) 20. Nxd6+ Qxd6 $13) 18. Nxb5 Qxd2+ 19. Kxd2 Na6 (19... cxb5 20.
Be4 Be6 21. Rb2 Nd7 22. Bxa8 O-O 23. Bf3 a6 24. Ne2 $16) 20. Nd4 Nc5 21. Rb2
Nxd3 22. cxd3 Bd7 $2 (22... c5 $5 23. Nb3 f6 24. Nf3 fxe5 25. Nxe5 Rg8 26. Ke3
Rb8 $132) 23. Ngf3 $16 {[%csl Rd7,Rg7]} O-O 24. Rb7 Rfd8 25. Rc1 $1 {[%csl Ra7,
Rc6]} Rac8 $5 (25... Rab8 26. Rxa7 Rb2+ 27. Rc2 Rxc2+ 28. Kxc2 $18 {[%cal
Ga2a6]}) 26. Rxa7 c5 27. Nb3 c4 28. Rxc4 Rxc4 29. dxc4 Bh3+ 30. Ke3 Bxg2 31. c5
Rc8 (31... h5 32. c6 Bh3 33. c7 Rc8 34. Rb7 Kf8 35. a4 Ke8 36. Nc5 $18) 32. Kf2
Bh1 (32... Bh3 33. a4 f6 34. a5 fxe5 35. Nxe5 Rb8 36. Nd4 $18) 33. Rd7 e6 34.
Rd1 $5 Bxf3 35. Kxf3 $18 {[%cal Gd1a1,Ga2a7]} Bf8 36. Rc1 Rc6 37. a4 Be7 38. a5
h5 39. Ra1 Ra6 40. Ke4 Kf8 41. Kd4 Ke8 42. Kc4 Kd7 43. Nd4 $1 Kc7 44. Kb5 Ra8
45. Nc6 $1 1-0